Every city in Tunisia - Statistics

General Stats
  • This quiz has been taken 93 times
  • The average score is 18 of 110
Answer Stats
City Population % Correct
T Tunis 599,368
91%
S Sousse 250,540
81%
S Sfax 286,636
76%
B Bizerte 154,300
67%
A Ariana 123,079
64%
G Gabès 107,634
55%
G Gafsa 103,400
55%
M Monastir 107,127
55%
K Kairouan 153,900
52%
B Béja 64,900
51%
N Nabeul 81,200
49%
T Tozeur 41,300
49%
T Tataouine 70,200
48%
B Ben Arous 96,605
46%
H Hammamet 79,600
43%
K Kasserine 90,500
40%
Z Zarzis 75,900
40%
J Jendouba 47,500
39%
M Mahdia 57,200
34%
M Médenine 79,000
31%
S Sidi Bouzid 52,300
31%
Z Zaghouan 22,600
30%
R Radès 72,209
25%
K Kébili 27,800
24%
L Le Kef 60,000
24%
L La Marsa 101,601
21%
S Siliana 35,900
21%
T Tabarka 22,100
21%
H Hammam Lif 44,207
19%
H Hammam Sousse 47,520
19%
K Korba 42,800
19%
M M‘saken 64,000
18%
K Kélibia 50,500
16%
L La Goulette 60,916
16%
D Douz 33,100
13%
E El Mourouj 120,732
13%
L La Soukra 153,307
13%
M Métlaoui 38,600
13%
C Chebba 23,700
12%
L La Manouba 36,194
12%
E El Jem 25,000
10%
E Ettadhamen 85,142
10%
G Grombalia 27,200
10%
L Le Bardo 71,416
10%
M Mégrine 27,960
10%
M Menzel Bourguiba 58,800
10%
R Raoued 124,000
10%
S Soliman 45,053
10%
J Jemmal 55,285
9%
R Ras Jebel 31,000
9%
A Akouda 31,938
7%
B Bou Salem 21,200
7%
E El Hamma 47,000
7%
E Ezzahra 36,298
7%
L Le Kram 88,151
7%
M Mateur 31,700
7%
M Menzel Jemil 24,500
7%
M Moknine 62,802
7%
S Sidi Hassine 130,255
7%
E Ezzouhour 20,289
6%
G Gremda 45,141
6%
M Mnihla 77,100
6%
M Mornag 31,700
6%
O Oued Ellil 66,100
6%
S Sbeïtla 25,400
6%
B Ben Gardane 72,800
4%
D Den Den 30,293
4%
D Djerba Ajim 25,193
4%
E El Fahs 25,100
4%
F Fériana 32,200
4%
F Fouchana 53,300
4%
M Medjez El Bab 24,100
4%
M Menzel Bouzelfa 20,300
4%
M Menzel Temime 42,200
4%
N Nefta 22,700
4%
R Redeyef 24,900
4%
T Téboulba 41,731
4%
B Bou Mhel El Bassatine 50,604
3%
C Chihia 29,700
3%
D Djerba Midoun 73,224
3%
D Douar Hicher 91,500
3%
K Ksar Hellal 55,415
3%
K Ksour Essef 32,000
3%
M Mohamedia 76,000
3%
S Souk Lahad 14,900
3%
T Tebourba 29,900
3%
Z Zaouiet Sousse 28,100
3%
B Bekalta 20,506
1%
B Béni Khiar 24,500
1%
D Dar Châabane 47,200
1%
D Djedeida 32,300
1%
D Djerba Houmt Souk 84,494
1%
E El Aïn 47,871
1%
E El Ksar 36,700
1%
G Ghannouch 32,581
1%
G Ghardimaou 19,200
1%
H Hammam Chott 37,236
1%
K Kalâa Kebira 57,000
1%
K Kalâa Seghira 40,400
1%
M Menzel Abderrahmane 21,059
1%
M Mornaguia 23,100
1%
M Moularès 20,200
1%
O Ouerdanine 23,706
1%
S Sahline Moôtmar 21,533
1%
S Sakiet Eddaïer 41,800
1%
S Sakiet Ezzit 60,200
1%
T Tajerouine 17,100
1%
T Takelsa 24,109
1%
T Thyna 41,200
1%
T Tinja 23,600
1%
No matching quizzes found
Score Distribution
Percent of People with Each Score
Percentile by Number Answered
Your Score History
You have not taken this quiz